000 00532nam a2200133 a 4500
008 100727s1990 ||||||||||||||||| || u
050 _aPAPERS/STAFF
100 _aNgandu, Sophie Kasonde
245 1 4 _aThe situation of handicapped persons in Zambia
260 _aLusaka
_bUniversity of Zambia, Educational Research Bureau
_c1990
350 _a0.00
650 _aHEALTH
995 _D0.00
_FCBU-MAIN LIBRARY (Kitwe)
_H1
_I0.00
_M1
_UAVAILABLE
_WJul 27, 2010
_ZUniversity Collection
999 _c57516
_d57516